03877nam a2200565Ia 45000010005000000080041000050100009000460410014000550820027000692450304000962600018004003000008004185200007004266300019004336300021004526300028004736300015005016500022005166900014005387000028005527000025005807000024006057000028006299010086006579020006007439030036007499040018007859050027008039060006008309070014008369080014008509090051008649100015009159110010009309120014009409130009009549140024009639150019009879160009010069170009010159180014010249190027010385202187010659210007032529220007032599230006032669240014032729420010032869990015032961702241029s9999 xx 000 0 und d a1591 aEspañol aST MA-EBI 0002 GH 2001 0aDesarrollo de las habilidades y destrezas comunicativas de los niños del Kindergaten en el programa Transicional de Educación Bilingüe de la Escuela Elemental 97 del Bronx, a partir de estrategias de enseñanza de la lectura en voz alta sustentada en la técnica de Whole Languague Approach. aSanto Domingo a127 a21 aComunicación aDerechos Humanos aEnseñanza-Aprendizaje aEstrategia aCalidad Educativa aElaborado easesoraNavarro, Luisa  eautoraMarte, Janina eautoraMarte, Julio eautoraInfante, Carmen  a{"1":"Marte","2":"Marte","3":"Infante"}b{"1":"Janina","2":"Julio","3":"Carmen "} a1 a{"1":"Navarro"}b{"1":"Luisa "} aMagíster en aEducación Bilingüe a2 aNO APLICA aNO APLICA aUniversidad Autónoma de Santo Domingo (UASD) aNULLbNULL a["1"] aNO APLICA aNULL a02 de Julio de 2001 a28/11/19 11:11 aNULL aNULL aNO APLICA a["230","56","89","92"] aLa técnica de enseñanza conocida como Whole Language Approach o Lenguaje Total sigue siendo usada ampliamente en los cursos primarios en las escuelas de los Estados Unidos luego de varias décadas de haber sido experimentada. Aún cuando los resultados presentados por diferentes investigadores y evaluaciones, muestran opiniones contradictorias sobre su utilidad para desarrollar los aprendizajes de los niños. De manera que, este estudio se planteó como propósito principal, determinar el efecto que tiene la lectura en voz alta, en inglés y español, en la formación lingüística de los estudiantes de Kindergarten en la Escuela Elemental 79 del Bronx. Además, se planteó describir las habilidades y destrezas de la lectura en voz alta por parte de los niños del Kindergarten en el Programa Educativo Bilingüe de la Escuela Elemental 79 del Bronx, a partir del uso de las herramientas que provee el Whole Language Approach.Para la realización de esta tesis se utilizó un tipo de investigación exploratoria. Más que probar algunos elementos, con esta investigación se pretendió proponer un conjunto de estrategias que la maestra ensayará en el salón de clases y los sustentantes observarán en una ficha de observación para establecer dos criterios: cómo llevar a cabo la estrategia de la lectura en voz alta y cuáles destrezas comunicativas logran los niños con esas estrategias.La evaluación de los alumnos de todos los niveles del Sistema de Educación Pública de los Estados Unidos evidencia que uno de sus principales problemas radica justamente en el pobre nivel de lectura alcanzado por los alumnos, sobre todo de los Programas de Educación Bilingüe. Al observar el trabajo de lectura en voz alta que realiza la profesora de Kindergarten de la Escuela 79 del Bronx, mediante la técnica del Whole Language Approach, se tomó en cuenta el nivel de planificación propuesto y se evaluó la lectura en voz alta mediante dos instrumentos de observación, uno de la maestra y otro de los niños. Según los resultados, se pudo observar que los niños tienen mayor dominio del idioma Ingles que del Español. a16 a16 a0 aNO APLICA cTesis c1591d1591